| 000 | 01693cam a22003734a 4500 | ||
|---|---|---|---|
| 001 | 13158060 | ||
| 003 | OSt | ||
| 005 | 20211027155752.0 | ||
| 008 | 030410s2003 maua b 001 0 eng | ||
| 010 | _a 2003048948 | ||
| 020 | _a8181285840 | ||
| 038 | _akhadija | ||
| 040 |
_aDLC _cDLC _dDLC |
||
| 042 | _apcc | ||
| 050 | 0 | 0 |
_aTK7868.S88 _bC44 2007 |
| 082 | 0 | 0 |
_a621.3973 _221 _bCHE |
| 100 | 1 |
_aCheung, Vincent S. L. _q(Vincent Sin-Luen) _983488 |
|
| 245 | 1 | 0 |
_aDesign of low-voltage CMOS switched-opamp switched-capacitor systems / _cby Vincent S.L. Cheung and Howard C. Luong. |
| 260 |
_aBoston : _bKluwer Academic Publishers, _cc2003. |
||
| 300 |
_axv, 192 p. : _bill. ; _c25 cm. |
||
| 440 | 4 |
_aThe Kluwer international series in engineering and computer science ; _vSECS 737 _983489 |
|
| 504 | _aIncludes bibliographical references (p. 181-188) and index. | ||
| 563 | _aHardcover | ||
| 650 | 0 |
_aSwitched capacitor circuits _xDesign and construction. _983490 |
|
| 650 | 0 |
_aLow voltage integrated circuits _xDesign and construction. _983484 |
|
| 650 | 0 |
_aMetal oxide semiconductors, Complementary _xDesign and construction. _983491 |
|
| 650 | 0 |
_aOperational amplifiers _xDesign and construction. _983492 |
|
| 700 | 1 |
_aLuong, Howard C. _q(Howard Cam) _983493 |
|
| 856 | 4 | 2 |
_3Publisher description _uhttp://www.loc.gov/catdir/enhancements/fy0820/2003048948-d.html |
| 856 | 4 | 1 |
_3Table of contents only _uhttp://www.loc.gov/catdir/enhancements/fy0820/2003048948-t.html |
| 906 |
_a7 _bcbc _corignew _d1 _eocip _f20 _gy-gencatlg |
||
| 942 |
_2ddc _cBK |
||
| 999 |
_c33419 _d33419 |
||